000
00191nam a22000857a 4500
999
_c
23928
_d
23928
005
20250926081838.0
008
250926b ||||| |||| 00| 0 eng d
040
_c
sk
245
_a
Ježiš náš osud